000 00524cam a22002171 4500
001 sa 68009689
003 DLC
005 20260227112545.0
008 940822s1967 ii 000 1 orio
010 _asa 68009689
025 _aPL480:I-O-827
035 _a(OCoLC)30990587
040 _aDLC
_cCU
_dCU
_dDLC
042 _apremarc
050 0 0 _aAC125.O7
_bM53
100 1 _aMisra, Gopal Chandra,
_d1925-
245 1 0 _aJībana o saṃskr̥ti.
260 _c[1967]
300 _a4, 146 p.
_c22 cm.
500 _aIn Oriya.
999 _c83077
_d83077